| LEADER |
00943njm0a2200337 450 |
| 001 |
16818692 |
| 100 |
|
|
|a 20090109d2002 u u0frey01 ba
|
| 101 |
0 |
|
|a fre
|
| 200 |
0 |
|
|a Automobile à chansons (L')
|f Compagnie Courants d'Airs
|
| 207 |
|
1 |
|a
|
| 210 |
|
|
|c M10
|d 2002
|
| 215 |
|
|
|a 1 cd ; 45'
|
| 300 |
|
|
|a J.F. Piccardi, Benoît Malet : chants
|
| 464 |
|
|
|a Partons
|
| 464 |
|
|
|a La musique...
|
| 464 |
|
|
|a C'est pas vrai
|
| 464 |
|
|
|a Faut chanter
|
| 464 |
|
|
|a Il était une fois
|
| 464 |
|
|
|a Pile ou face
|
| 464 |
|
|
|a As-tu vu ?
|
| 464 |
|
|
|a Le Serpent
|
| 464 |
|
|
|a Dans ma maison
|
| 464 |
|
|
|a Drôle de façon
|
| 464 |
|
|
|a Pareils, pas pareils !
|
| 464 |
|
|
|a Moi je suis moi
|
| 464 |
|
|
|a Le voyage
|
| 676 |
|
|
|a 8.1
|
| 700 |
|
0 |
|a Compagnie Courants d'Airs
|4 70
|
| 900 |
|
|
|a Chanson francophone
|
| 901 |
|
|
|a Jeunesse
|
| 995 |
|
|
|a Médiathèque
|c Médiathèque
|f 089010232
|h 089010232
|k E 8.1 COM
|o p
|q j
|r je
|e Médiathèque
|